Attractions touristiques les plus visitées en France - Statistiques

Statistiques générales
  • Ce quiz a été pris 238 fois
  • Le résultat moyen est 8 sur 20
Statistiques - réponses
visiteurs allusion attraction % Correct
6,2 mil Paris Tour Eiffel
98%
8,5 mil Paris Musée du Louvre
90%
1,2 mil Paris Arc de Triomphe
71%
6,0 mil près de Paris Château de Versailles
65%
0,7 mil Vallée de la Loire Château de Chambord
60%
13,6 mil Paris Notre Dame de Paris
60%
1,0 mil Normandy Mont Saint-Michel
54%
0,4 mil vieille ville fortifiée Carcassonne
52%
10,5 mil Paris Basilique du Sacré-Coeur
43%
2,9 mil Paris Musée d'Orsay
41%
3,6 mil Paris Centre Pompidou
35%
0,5 mil volcan Puy de Dôme
35%
0,6 mil Metz Centre Pompidou-Metz
32%
0,7 mil Metz Cathédrale de Metz
29%
0,8 mil Marseille Notre-Dame de la Garde
29%
1,3 mil Paris Musée du quai Branly
14%
0,6 mil Grenoble Bastille (Grenoble)
9%
0,7 mil Paris Sainte-Chapelle
9%
0,5 mil près de la frontière allemande Château du Haut-Kœnigsbourg
3%
0,4 mil Paris Musée Picasso
3%
Aucun quiz correspondant
Distribution des résultats
% des personnes avec chaque résultat
Percentile par nombre de réponses
Votre historique - résultats
Vous n’avez pas pris ce quiz